000 00691nam a2200241Ia 4500
003 OSt
005 20220925231708.0
006 a|||||r|||| 00| 0
007 ta
008 220923b |||||||| |||| 00| 0 eng d
020 _a0710009030
037 _cGeneral Book
040 _aRTL
_cRTL
_beng
041 _2eng
_aeng
082 _aT3.3.N58<--N08, M3
100 _aBlyth John A
_9295902
245 0 _aEnglish university adult education 1908-1953
_b The
260 _aManchester
_bUniversity Press
_c1983
300 _a363p
_ccm.
650 _aAdult Education
_9177582
942 _hT3.3.N58<--N08, M3
_cGB
_2CC
999 _c589168
_d589168